=LDR 00000nam 2200000 4500 =001 INLIS000000000020297 =005 20130612115247 =008 ***********************************Ind** =035 ##$$0010-061300000020297 =041 ##$$a Ind =082 ##$$a 745 =090 ##$$a 745, Nus p =100 ##$$a Nusantara, Guntur =245 ##$$a Panduan praktis cetak sablon, teknik menyablon pada aneka media dan cara menghitung biaya produksinya, oleh Guntur Nusantara, A.Md =260 ##$$a 2003 $b Jakarta =300 ##$$a vi, 102 hlm, ilus, 23 cm =650 ##$$a Panduan Praktis cetak sablon =850 ##$$a NBPNMAT =990 ##$$a 0001/BPAP-NTB/2016